[Event "Danish Senior CHP for 50+ and 65+"]
[Site "Nyhavnsgade 14, 2. sal. 9000 Aalborg"]
[Date "2022.02.21"]
[Round "2.1"]
[White "Thomsen, Søren"]
[Black "Danielsen, Henrik"]
[Result "0-1"]
[BlackElo "2525"]
[WhiteElo "1833"]
[LiveChessVersion "1.4.8"]

1. d4 {[%clk 1:29:42]} f5 {[%clk 1:30:28]} 2. g3 {[%clk 1:29:23]} Nf6
{[%clk 1:30:46]} 3. Bg2 {[%clk 1:28:46]} g6 {[%clk 1:31:00]} 4. c4
{[%clk 1:26:55]} Bg7 {[%clk 1:31:16]} 5. Nc3 {[%clk 1:24:55]} O-O
{[%clk 1:31:26]} 6. Nf3 {[%clk 1:22:40]} d6 {[%clk 1:31:42]} 7. O-O
{[%clk 1:18:31]} Nc6 {[%clk 1:32:00]} 8. Re1 {[%clk 1:14:12]} e5 {[%clk 1:30:16]}
9. d5 {[%clk 1:08:56]} Ne7 {[%clk 1:27:42]} 10. Bg5 {[%clk 1:06:20]} h6
{[%clk 1:27:40]} 11. Bxf6 {[%clk 1:06:42]} Rxf6 {[%clk 1:27:54]} 12. b4
{[%clk 1:03:50]} g5 {[%clk 1:27:54]} 13. Rc1 {[%clk 1:00:28]} Ng6
{[%clk 1:27:57]} 14. Qb3 {[%clk 0:56:24]} Rf7 {[%clk 1:23:39]} 15. c5
{[%clk 0:52:43]} g4 {[%clk 1:22:05]} 16. Nd2 {[%clk 0:52:30]} h5 {[%clk 1:22:33]}
17. cxd6 {[%clk 0:49:27]} cxd6 {[%clk 1:23:01]} 18. Nc4 {[%clk 0:47:23]} Bf8
{[%clk 1:23:20]} 19. b5 {[%clk 0:43:55]} b6 {[%clk 1:21:18]} 20. a4
{[%clk 0:42:46]} h4 {[%clk 1:21:22]} 21. Qb4 {[%clk 0:30:46]} Rh7
{[%clk 1:21:08]} 22. a5 {[%clk 0:30:44]} Rb8 {[%clk 1:20:25]} 23. axb6
{[%clk 0:28:42]} axb6 {[%clk 1:20:53]} 24. Na4 {[%clk 0:27:35]} Bd7
{[%clk 1:20:34]} 25. Nd2 {[%clk 0:24:26]} e4 {[%clk 1:20:17]} 26. Nb3
{[%clk 0:24:05]} Ne5 {[%clk 1:18:45]} 27. Nd4 {[%clk 0:23:27]} hxg3
{[%clk 1:18:42]} 28. hxg3 {[%clk 0:23:14]} Qf6 {[%clk 1:15:45]} 29. Nc6
{[%clk 0:21:59]} Rb7 {[%clk 1:10:25]} 30. Nb2 {[%clk 0:14:30]} Nf3+
{[%clk 1:02:53]} 31. exf3 {[%clk 0:09:56]} gxf3 {[%clk 1:02:37]} 32. Bxf3
{[%clk 0:09:14]} exf3 {[%clk 1:03:03]} 33. Qc3 {[%clk 0:06:38]} Qh6
{[%clk 0:59:04]} 34. Qxf3 {[%clk 0:06:41]} f4 {[%clk 0:59:01]} 35. Rc4
{[%clk 0:04:24]} fxg3 {[%clk 0:58:27]} 36. fxg3 {[%clk 0:04:16]} Qh2+
{[%clk 0:58:53]} 37. Kf1 {[%clk 0:04:29]} Bh3+ {[%clk 0:59:21]} 0-1

[Event "Danish Senior CHP for 50+ and 65+"]
[Site "Nyhavnsgade 14, 2. sal. 9000 Aalborg"]
[Date "2022.02.21"]
[Round "2.2"]
[White "Stojanovski, Sandi"]
[Black "Lilja, Richard"]
[Result "1-0"]
[BlackElo "2112"]
[WhiteElo "2195"]
[LiveChessVersion "1.4.8"]

1. Nf3 {[%clk 1:30:33]} g6 {[%clk 1:30:49]} 2. g3 {[%clk 1:30:33]} Bg7
{[%clk 1:29:40]} 3. Bg2 {[%clk 1:30:45]} d6 {[%clk 1:26:19]} 4. O-O
{[%clk 1:27:32]} f5 {[%clk 1:19:28]} 5. d4 {[%clk 1:20:27]} Nf6 {[%clk 1:17:55]}
6. d5 {[%clk 1:06:54]} c6 {[%clk 1:08:02]} 7. Ng5 {[%clk 1:03:53]} h6
{[%clk 1:04:21]} 8. Ne6 {[%clk 1:04:10]} Bxe6 {[%clk 1:04:25]} 9. dxe6
{[%clk 1:04:35]} Qc8 {[%clk 1:01:35]} 10. c4 {[%clk 0:57:50]} Qxe6
{[%clk 0:59:22]} 11. Qb3 {[%clk 0:53:10]} Qc8 {[%clk 0:50:47]} 12. Nc3
{[%clk 0:50:15]} Na6 {[%clk 0:38:31]} 13. Qc2 {[%clk 0:47:07]} e6
{[%clk 0:31:47]} 14. e4 {[%clk 0:45:26]} O-O {[%clk 0:29:57]} 15. Rd1
{[%clk 0:34:16]} Qc7 {[%clk 0:22:48]} 16. exf5 {[%clk 0:24:37]} exf5
{[%clk 0:22:55]} 17. Bf4 {[%clk 0:23:56]} Ne8 {[%clk 0:20:06]} 18. h4
{[%clk 0:18:07]} Rd8 {[%clk 0:18:04]} 19. Qe2 {[%clk 0:10:10]} Kh7
{[%clk 0:14:39]} 20. Rd3 {[%clk 0:10:18]} Qf7 {[%clk 0:13:41]} 21. Re1
{[%clk 0:08:20]} Qxc4 {[%clk 0:06:37]} 22. Qd2 {[%clk 0:03:49]} Nac7
{[%clk 0:01:23]} 23. Re7 {[%clk 0:03:19]} Rf7 {[%clk 0:01:35]} 24. b3
{[%clk 0:02:26]} Qxd3 {[%clk 0:01:54]} 25. Qxd3 {[%clk 0:02:51]} Rxe7
{[%clk 0:02:21]} 26. h5 {[%clk 0:03:06]} Bxc3 {[%clk 0:00:36]} 27. hxg6+
{[%clk 0:03:27]} Kxg6 {[%clk 0:01:01]} 28. Qxc3 {[%clk 0:03:10]} Ne6
{[%clk 0:00:58]} 29. Be3 {[%clk 0:02:02]} d5 {[%clk 0:01:15]} 30. Qh8
{[%clk 0:01:14]} Rh7 {[%clk 0:01:39]} 31. Qe5 {[%clk 0:01:16]} Re7
{[%clk 0:00:56]} 32. Bh3 {[%clk 0:01:24]} N8g7 {[%clk 0:01:19]} 33. Bd4
{[%clk 0:01:06]} Rf7 {[%clk 0:00:52]} 34. Be3 {[%clk 0:00:39]} d4
{[%clk 0:01:03]} 35. Bd2 {[%clk 0:01:01]} Rd5 {[%clk 0:01:04]} 36. Qe1
{[%clk 0:01:09]} Ng5 {[%clk 0:01:10]} 37. Bg2 {[%clk 0:01:02]} Rd6
{[%clk 0:00:59]} 38. Qb1 {[%clk 0:00:54]} d3 {[%clk 0:00:35]} 39. Qd1
{[%clk 0:00:38]} Ne4 {[%clk 0:00:32]} 40. Bxe4 {[%clk 0:00:38]} fxe4
{[%clk 0:00:36]} 41. Qg4+ {[%clk 0:00:37]} Kh7 {[%clk 0:29:29]} 42. Qxe4+
{[%clk 0:30:57]} Nf5 {[%clk 0:15:32]} 43. Kh2 {[%clk 0:16:45]} Rd4
{[%clk 0:03:59]} 44. Qe6 {[%clk 0:14:56]} Rdd7 {[%clk 0:04:22]} 45. g4
{[%clk 0:13:36]} Rde7 {[%clk 0:04:48]} 46. Qc4 {[%clk 0:12:35]} Nh4
{[%clk 0:03:36]} 47. Qxd3+ {[%clk 0:11:58]} Kg8 {[%clk 0:04:03]} 48. Qd8+
{[%clk 0:08:18]} Kh7 {[%clk 0:04:28]} 49. Qd3+ {[%clk 0:05:16]} Kg8
{[%clk 0:04:53]} 50. Be3 {[%clk 0:05:02]} Nf3+ {[%clk 0:03:55]} 51. Kg3
{[%clk 0:05:05]} Ne5 {[%clk 0:03:32]} 52. Qd8+ {[%clk 0:03:52]} Kh7
{[%clk 0:03:58]} 53. Bc5 {[%clk 0:02:20]} Rd7 {[%clk 0:03:06]} 54. Qe8
{[%clk 0:02:46]} Ng6 {[%clk 0:01:28]} 55. Bxa7 {[%clk 0:02:32]} Rfe7
{[%clk 0:01:21]} 56. Qc8 {[%clk 0:02:37]} Rd3+ {[%clk 0:00:36]} 57. Be3
{[%clk 0:02:50]} 1-0

[Event "Danish Senior CHP for 50+ and 65+"]
[Site "Nyhavnsgade 14, 2. sal. 9000 Aalborg"]
[Date "2022.02.21"]
[Round "2.3"]
[White "Thomsen, Per"]
[Black "Munksgaard, Bo"]
[Result "1-0"]
[BlackElo "1593"]
[WhiteElo "1509"]
[LiveChessVersion "1.4.8"]

1. f4 {[%clk 1:30:46]} g6 {[%clk 1:29:55]} 2. Nf3 {[%clk 1:30:45]} Bg7
{[%clk 1:30:12]} 3. c4 {[%clk 1:30:21]} d6 {[%clk 1:30:21]} 4. d4
{[%clk 1:29:40]} Nf6 {[%clk 1:30:23]} 5. e3 {[%clk 1:29:29]} O-O {[%clk 1:30:16]}
6. Be2 {[%clk 1:29:31]} c5 {[%clk 1:27:19]} 7. d5 {[%clk 1:28:47]} e6
{[%clk 1:25:19]} 8. O-O {[%clk 1:28:26]} b5 {[%clk 1:22:24]} 9. dxe6
{[%clk 1:25:23]} Bxe6 {[%clk 1:21:51]} 10. cxb5 {[%clk 1:25:05]} a6
{[%clk 1:21:31]} 11. Nc3 {[%clk 1:23:12]} axb5 {[%clk 1:16:36]} 12. Bxb5
{[%clk 1:18:28]} Qb6 {[%clk 1:10:43]} 13. a4 {[%clk 1:17:18]} Rd8
{[%clk 1:04:19]} 14. Qe2 {[%clk 1:14:24]} Nc6 {[%clk 1:02:20]} 15. Bxc6
{[%clk 1:09:40]} Qxc6 {[%clk 1:02:29]} 16. Qc2 {[%clk 1:05:59]} Bc4
{[%clk 0:55:54]} 17. Re1 {[%clk 1:00:59]} d5 {[%clk 0:51:47]} 18. Ne5
{[%clk 0:56:40]} Qa6 {[%clk 0:51:55]} 19. b3 {[%clk 0:53:52]} Bxb3
{[%clk 0:44:59]} 20. Qxb3 {[%clk 0:53:34]} Rab8 {[%clk 0:43:50]} 21. Nb5
{[%clk 0:48:20]} c4 {[%clk 0:42:15]} 22. Qc3 {[%clk 0:46:55]} Ne4
{[%clk 0:41:45]} 23. Qd4 {[%clk 0:41:16]} Bf8 {[%clk 0:39:19]} 24. Bb2
{[%clk 0:40:22]} Bc5 {[%clk 0:35:00]} 25. Qd1 {[%clk 0:38:17]} Bb4
{[%clk 0:34:44]} 26. Re2 {[%clk 0:34:15]} c3 {[%clk 0:33:53]} 27. Bc1
{[%clk 0:34:07]} Rxb5 {[%clk 0:32:25]} 28. Qd3 {[%clk 0:30:55]} Rb6
{[%clk 0:31:12]} 29. Qc2 {[%clk 0:29:09]} Qa5 {[%clk 0:26:32]} 30. Nc4
{[%clk 0:27:11]} dxc4 {[%clk 0:25:02]} 31. Qxe4 {[%clk 0:27:00]} Qd5
{[%clk 0:25:13]} 32. Qxd5 {[%clk 0:23:59]} Rxd5 {[%clk 0:25:41]} 33. Rc2
{[%clk 0:23:52]} Rd1+ {[%clk 0:25:26]} 34. Kf2 {[%clk 0:23:57]} Ba3
{[%clk 0:23:10]} 35. Rxa3 {[%clk 0:23:37]} Rxc1 {[%clk 0:18:49]} 36. Rxc1
{[%clk 0:23:25]} Rb2+ {[%clk 0:19:19]} 37. Kf3 {[%clk 0:23:32]} Rb3
{[%clk 0:16:12]} 38. Rxc3 {[%clk 0:23:22]} 1-0

[Event "Danish Senior CHP for 50+ and 65+"]
[Site "Nyhavnsgade 14, 2. sal. 9000 Aalborg"]
[Date "2022.02.21"]
[Round "2.4"]
[White "Grue, Vibeke"]
[Black "Pors, Kim"]
[Result "0-1"]
[BlackElo "1459"]
[WhiteElo "1213"]
[LiveChessVersion "1.4.8"]

1. e4 c5 2. Nf3 {[%clk 1:27:36]} Nc6 {[%clk 1:30:11]} 3. Bb5 {[%clk 1:27:00]} a6
{[%clk 1:27:05]} 4. Bxc6 {[%clk 1:26:24]} dxc6 {[%clk 1:27:14]} 5. h3
{[%clk 1:25:42]} e6 {[%clk 1:26:26]} 6. O-O {[%clk 1:24:37]} g6 {[%clk 1:18:28]}
7. e5 {[%clk 1:24:08]} Bg7 {[%clk 1:14:54]} 8. c4 {[%clk 1:20:40]} b5
{[%clk 1:12:10]} 9. Qe2 {[%clk 1:14:59]} Ne7 {[%clk 1:11:07]} 10. Nc3
{[%clk 1:14:56]} Nf5 {[%clk 1:06:40]} 11. Qe4 {[%clk 1:12:14]} Qb6
{[%clk 1:03:28]} 12. Rb1 {[%clk 1:09:17]} Bb7 {[%clk 0:57:38]} 13. Rd1
{[%clk 1:08:27]} O-O {[%clk 0:56:42]} 14. d3 {[%clk 1:07:55]} Rad8
{[%clk 0:50:40]} 15. Bg5 {[%clk 1:06:32]} Rd7 {[%clk 0:50:13]} 16. Nh4
{[%clk 0:59:23]} Rd4 {[%clk 0:47:13]} 17. Qe2 {[%clk 0:43:53]} Nxh4
{[%clk 0:47:07]} 18. Be3 {[%clk 0:43:47]} Rd7 {[%clk 0:43:16]} 19. Qd2
{[%clk 0:43:17]} Nf5 {[%clk 0:43:09]} 20. Bg5 {[%clk 0:43:21]} bxc4
{[%clk 0:37:03]} 21. Qc2 {[%clk 0:40:42]} Nd4 {[%clk 0:34:20]} 22. Qd2
{[%clk 0:39:40]} Bxe5 {[%clk 0:30:51]} 23. Qe3 {[%clk 0:37:06]} Bg7
{[%clk 0:30:06]} 24. Qf4 {[%clk 0:32:46]} cxd3 {[%clk 0:27:38]} 25. Ne4
{[%clk 0:31:19]} Ne2+ {[%clk 0:27:32]} 26. Kh2 {[%clk 0:31:02]} Nxf4
{[%clk 0:27:48]} 27. Bf6 {[%clk 0:30:49]} Nd5 {[%clk 0:26:14]} 28. Rxd3
{[%clk 0:30:08]} Qc7+ {[%clk 0:26:18]} 29. Rg3 {[%clk 0:29:56]} Bxf6
{[%clk 0:26:14]} 30. Rd1 {[%clk 0:30:13]} Be5 {[%clk 0:26:21]} 31. f4
{[%clk 0:30:06]} Bxf4 {[%clk 0:26:17]} 32. h4 {[%clk 0:28:20]} f5
{[%clk 0:24:49]} 33. Nxc5 {[%clk 0:27:19]} Bxg3+ {[%clk 0:24:29]} 34. Kh1
{[%clk 0:27:31]} Rd6 {[%clk 0:24:35]} 35. Rd3 {[%clk 0:26:42]} f4
{[%clk 0:24:11]} 36. Rb3 {[%clk 0:26:09]} Qa5 {[%clk 0:23:53]} 37. Nd3
{[%clk 0:26:07]} Ne3 {[%clk 0:23:05]} 38. a3 {[%clk 0:25:40]} Rxd3
{[%clk 0:23:13]} 0-1

[Event "Danish Senior CHP for 50+ and 65+"]
[Site "Nyhavnsgade 14, 2. sal. 9000 Aalborg"]
[Date "2022.02.21"]
[Round "2.5"]
[White "Pilgaard, Erik"]
[Black "Harlung, David"]
[Result "1-0"]
[BlackElo "1253"]
[WhiteElo "1383"]
[LiveChessVersion "1.4.8"]

1. e4 {[%clk 1:30:30]} e5 {[%clk 1:02:34]} 2. Nf3 {[%clk 1:31:19]} d6
{[%clk 1:02:55]} 3. Nc3 {[%clk 1:31:27]} Nf6 {[%clk 1:02:33]} 4. Be2
{[%clk 1:30:45]} Be7 {[%clk 0:59:42]} 5. d4 {[%clk 1:30:53]} exd4
{[%clk 0:57:07]} 6. Nxd4 {[%clk 1:29:30]} O-O {[%clk 0:53:02]} 7. O-O
{[%clk 1:27:16]} Re8 {[%clk 0:51:39]} 8. Bf4 {[%clk 1:23:59]} Bf8
{[%clk 0:50:37]} 9. Bf3 {[%clk 1:22:02]} Bd7 {[%clk 0:46:03]} 10. e5
{[%clk 1:21:03]} Bg4 {[%clk 0:41:33]} 11. exf6 {[%clk 1:17:47]} Qxf6
{[%clk 0:39:53]} 12. Nd5 {[%clk 1:16:53]} 1-0

[Event "Danish Senior CHP for 50+ and 65+"]
[Site "Nyhavnsgade 14, 2. sal. 9000 Aalborg"]
[Date "2022.02.21"]
[Round "2.6"]
[White "Grønhøj, Benny"]
[Black "Nielsen, Peter"]
[Result "1-0"]
[BlackElo "1678"]
[WhiteElo "1877"]
[LiveChessVersion "1.4.8"]

1. e4 {[%clk 1:30:48]} e6 {[%clk 1:30:40]} 2. d4 {[%clk 1:31:06]} d5
{[%clk 1:31:03]} 3. Nc3 {[%clk 1:31:18]} dxe4 {[%clk 1:31:15]} 4. Nxe4
{[%clk 1:31:37]} Nd7 {[%clk 1:31:24]} 5. Nf3 {[%clk 1:31:07]} Ngf6
{[%clk 1:31:27]} 6. Nxf6+ {[%clk 1:30:12]} Nxf6 {[%clk 1:31:42]} 7. Bd3
{[%clk 1:29:52]} c5 {[%clk 1:30:48]} 8. O-O {[%clk 1:28:43]} cxd4
{[%clk 1:27:23]} 9. Nxd4 {[%clk 1:25:54]} Bc5 {[%clk 1:22:01]} 10. Be3
{[%clk 1:22:37]} Bxd4 {[%clk 1:19:37]} 11. Bxd4 {[%clk 1:22:49]} O-O
{[%clk 1:19:31]} 12. c3 {[%clk 1:20:14]} b6 {[%clk 1:17:00]} 13. Qc2
{[%clk 1:18:22]} h6 {[%clk 1:15:41]} 14. Rad1 {[%clk 1:17:53]} Qe7
{[%clk 1:09:42]} 15. Be5 {[%clk 1:15:22]} Rd8 {[%clk 1:03:56]} 16. h3
{[%clk 1:04:32]} Bb7 {[%clk 1:03:17]} 17. f4 {[%clk 1:02:11]} Rac8
{[%clk 0:59:27]} 18. Bd4 {[%clk 0:59:02]} Rxd4 {[%clk 0:56:22]} 19. Bh7+
{[%clk 0:58:13]} Nxh7 {[%clk 0:56:21]} 20. Rxd4 {[%clk 0:58:09]} Qc5
{[%clk 0:51:18]} 21. Rfd1 {[%clk 0:56:18]} Nf6 {[%clk 0:48:37]} 22. b4
{[%clk 0:53:42]} Qe7 {[%clk 0:42:53]} 23. c4 {[%clk 0:47:43]} g6 {[%clk 0:39:27]}
24. a3 {[%clk 0:43:17]} Qc7 {[%clk 0:32:57]} 25. Qd2 {[%clk 0:40:55]} Be4
{[%clk 0:25:23]} 26. f5 {[%clk 0:36:52]} Kg7 {[%clk 0:20:23]} 27. fxe6
{[%clk 0:36:06]} fxe6 {[%clk 0:20:18]} 28. Qb2 {[%clk 0:31:39]} Qg3
{[%clk 0:17:05]} 29. Rxe4 {[%clk 0:31:24]} Kf7 {[%clk 0:15:58]} 30. Rf1
{[%clk 0:23:06]} Qg5 {[%clk 0:14:28]} 31. Ref4 {[%clk 0:22:41]} e5
{[%clk 0:13:15]} 32. Rxf6+ {[%clk 0:22:46]} Qxf6 {[%clk 0:13:21]} 33. Qxe5
{[%clk 0:22:38]} Qxf1+ {[%clk 0:12:35]} 34. Kxf1 {[%clk 0:23:03]} Re8
{[%clk 0:12:38]} 35. Qd5+ {[%clk 0:23:08]} Re6 {[%clk 0:11:49]} 36. c5
{[%clk 0:23:12]} 1-0

[Event "Danish Senior CHP for 50+ and 65+"]
[Site "Nyhavnsgade 14, 2. sal. 9000 Aalborg"]
[Date "2022.02.21"]
[Round "2.7"]
[White "Olesen, Poul Erik Nørgaard"]
[Black "Andreasen, Per Næsby"]
[Result "0-1"]
[BlackElo "2219"]
[WhiteElo "1963"]
[LiveChessVersion "1.4.8"]

1. e4 {[%clk 1:24:57]} c6 {[%clk 1:30:15]} 2. d3 {[%clk 1:23:26]} d5
{[%clk 1:30:27]} 3. Nd2 {[%clk 1:23:48]} g6 {[%clk 1:30:35]} 4. Be2
{[%clk 1:18:20]} Bg7 {[%clk 1:30:44]} 5. h3 {[%clk 1:15:36]} e5 {[%clk 1:30:50]}
6. c3 {[%clk 1:10:51]} Nf6 {[%clk 1:27:05]} 7. Ngf3 {[%clk 1:06:56]} Qc7
{[%clk 1:22:38]} 8. O-O {[%clk 1:04:35]} O-O {[%clk 1:22:46]} 9. Re1
{[%clk 1:03:10]} Nbd7 {[%clk 1:18:40]} 10. Qc2 {[%clk 0:58:19]} Re8
{[%clk 1:05:11]} 11. Nf1 {[%clk 0:52:12]} b6 {[%clk 1:00:34]} 12. Ng3
{[%clk 0:49:04]} Bb7 {[%clk 0:59:48]} 13. Bg5 {[%clk 0:44:57]} h6
{[%clk 0:58:31]} 14. Bd2 {[%clk 0:45:04]} Rad8 {[%clk 0:56:48]} 15. Rad1
{[%clk 0:43:21]} c5 {[%clk 0:53:12]} 16. b3 {[%clk 0:42:17]} Nf8 {[%clk 0:49:31]}
17. a4 {[%clk 0:38:48]} Ne6 {[%clk 0:47:54]} 18. Bf1 {[%clk 0:36:13]} Kh7
{[%clk 0:40:38]} 19. Qc1 {[%clk 0:23:03]} Rd7 {[%clk 0:35:20]} 20. d4
{[%clk 0:15:21]} exd4 {[%clk 0:30:55]} 21. e5 {[%clk 0:10:59]} dxc3
{[%clk 0:26:50]} 22. Bxc3 {[%clk 0:09:31]} Ne4 {[%clk 0:24:01]} 23. Nxe4
{[%clk 0:08:55]} dxe4 {[%clk 0:24:00]} 24. Bb5 {[%clk 0:06:23]} Rxd1
{[%clk 0:21:58]} 25. Rxd1 {[%clk 0:06:52]} Rd8 {[%clk 0:21:00]} 26. Nd2
{[%clk 0:05:23]} Bxe5 {[%clk 0:18:57]} 27. Re1 {[%clk 0:03:37]} Bxc3
{[%clk 0:12:53]} 28. Qxc3 {[%clk 0:04:05]} Qf4 {[%clk 0:12:28]} 29. Nf1
{[%clk 0:02:41]} Nd4 {[%clk 0:11:57]} 30. Bc4 {[%clk 0:02:52]} Rd6
{[%clk 0:10:39]} 31. Ng3 {[%clk 0:02:41]} Rf6 {[%clk 0:10:11]} 32. Qe3
{[%clk 0:02:28]} a6 {[%clk 0:05:35]} 33. Nxe4 {[%clk 0:00:57]} Bxe4
{[%clk 0:05:10]} 34. Qxe4 {[%clk 0:01:18]} Qxf2+ {[%clk 0:04:45]} 35. Kh1
{[%clk 0:01:14]} Nf5 {[%clk 0:03:53]} 36. Qe5 {[%clk 0:01:23]} Nh4
{[%clk 0:02:59]} 37. Re2 {[%clk 0:00:36]} Qf1+ {[%clk 0:02:20]} 38. Kh2
{[%clk 0:01:04]} Rf2 {[%clk 0:02:27]} 39. Rxf2 {[%clk 0:01:09]} Qxf2
{[%clk 0:02:56]} 40. Qd5 {[%clk 0:01:14]} Kg7 {[%clk 0:01:45]} 41. Bxa6
{[%clk 0:27:17]} Qf4+ {[%clk 0:31:51]} 42. Kh1 {[%clk 0:26:08]} Nf5
{[%clk 0:29:41]} 43. Bb5 {[%clk 0:17:39]} h5 {[%clk 0:24:14]} 44. Qd1
{[%clk 0:09:16]} h4 {[%clk 0:22:55]} 45. Qb1 {[%clk 0:05:21]} Qd4
{[%clk 0:18:24]} 46. Kh2 {[%clk 0:04:39]} Ne3 {[%clk 0:16:54]} 47. Qe1
{[%clk 0:03:10]} Qd6+ {[%clk 0:16:18]} 48. Kh1 {[%clk 0:03:04]} Qd1
{[%clk 0:15:44]} 49. Qxd1 {[%clk 0:03:08]} Nxd1 {[%clk 0:16:13]} 50. Kg1
{[%clk 0:03:22]} f5 {[%clk 0:13:36]} 51. Kf1 {[%clk 0:03:22]} Kf6
{[%clk 0:13:34]} 52. Ke1 {[%clk 0:03:20]} Nc3 {[%clk 0:13:12]} 53. Bc6
{[%clk 0:02:39]} Ke5 {[%clk 0:13:15]} 54. Kd2 {[%clk 0:02:42]} Kd4
{[%clk 0:12:23]} 55. Be8 {[%clk 0:02:30]} g5 {[%clk 0:12:46]} 56. Bd7
{[%clk 0:02:03]} Ne4+ {[%clk 0:12:37]} 57. Kc2 {[%clk 0:02:23]} Nd6
{[%clk 0:12:15]} 58. Kd2 {[%clk 0:02:15]} Ne4+ {[%clk 0:06:47]} 59. Kc2
{[%clk 0:02:17]} f4 {[%clk 0:06:52]} 60. Bg4 {[%clk 0:01:41]} Nf6
{[%clk 0:06:37]} 61. Bc8 {[%clk 0:00:43]} Nd5 {[%clk 0:06:24]} 62. Kd2
{[%clk 0:00:48]} Ne3 {[%clk 0:06:09]} 63. Bb7 {[%clk 0:00:56]} g4
{[%clk 0:06:16]} 64. hxg4 {[%clk 0:01:18]} Nxg4 {[%clk 0:06:44]} 65. Bc8
{[%clk 0:01:32]} Ne5 {[%clk 0:06:29]} 66. Bb7 {[%clk 0:01:40]} f3
{[%clk 0:05:05]} 67. gxf3 {[%clk 0:02:03]} Ng6 {[%clk 0:05:29]} 68. Ke2
{[%clk 0:01:33]} Nf4+ {[%clk 0:05:16]} 69. Kf2 {[%clk 0:01:52]} Kc3
{[%clk 0:04:42]} 70. Bc8 {[%clk 0:01:47]} Kxb3 {[%clk 0:04:44]} 71. Ke3
{[%clk 0:02:00]} h3 {[%clk 0:04:42]} 0-1

[Event "Danish Senior CHP for 50+ and 65+"]
[Site "Nyhavnsgade 14, 2. sal. 9000 Aalborg"]
[Date "2022.02.21"]
[Round "2.8"]
[White "Madsen, Svend Aage"]
[Black "Kølbæk, Jens"]
[Result "1/2-1/2"]
[BlackElo "2163"]
[WhiteElo "1961"]
[LiveChessVersion "1.4.8"]

1. e4 {[%clk 1:30:54]} e5 {[%clk 1:30:48]} 2. Nf3 {[%clk 1:31:17]} Nf6
{[%clk 1:31:03]} 3. d4 {[%clk 1:29:50]} Nxe4 {[%clk 1:29:46]} 4. Bd3
{[%clk 1:30:01]} d5 {[%clk 1:29:28]} 5. Nxe5 {[%clk 1:29:35]} Be7
{[%clk 1:28:35]} 6. O-O {[%clk 1:28:29]} O-O {[%clk 1:28:27]} 7. Nd2
{[%clk 1:24:35]} Nf6 {[%clk 1:19:32]} 8. Re1 {[%clk 1:21:22]} Nbd7
{[%clk 1:16:02]} 9. Ndf3 {[%clk 1:18:17]} c5 {[%clk 1:10:28]} 10. c3
{[%clk 1:16:37]} h6 {[%clk 1:05:21]} 11. h3 {[%clk 1:09:13]} Re8 {[%clk 1:04:30]}
12. Bf4 {[%clk 1:08:05]} Nxe5 {[%clk 0:55:52]} 13. Bxe5 {[%clk 1:03:36]} c4
{[%clk 0:53:23]} 14. Bc2 {[%clk 0:59:34]} Be6 {[%clk 0:53:07]} 15. Qd2
{[%clk 0:56:58]} b5 {[%clk 0:52:09]} 16. a3 {[%clk 0:55:07]} Qb6 {[%clk 0:49:54]}
17. Nh2 {[%clk 0:42:47]} Nd7 {[%clk 0:46:09]} 18. Nf3 {[%clk 0:39:01]} a5
{[%clk 0:43:20]} 19. Bg3 {[%clk 0:36:45]} Bd6 {[%clk 0:40:31]} 20. Bxd6
{[%clk 0:36:19]} Qxd6 {[%clk 0:40:56]} 21. Ne5 {[%clk 0:34:21]} Nf8
{[%clk 0:37:43]} 22. Qf4 {[%clk 0:31:10]} f6 {[%clk 0:34:11]} 23. Ng6 Qxf4
{[%clk 0:34:04]} 24. Nxf4 {[%clk 0:30:22]} Bf7 {[%clk 0:34:13]} 25. g3
{[%clk 0:27:27]} g6 {[%clk 0:25:34]} 26. Kf1 {[%clk 0:24:54]} Kg7
{[%clk 0:21:23]} 27. h4 {[%clk 0:22:35]} f5 {[%clk 0:17:57]} 28. Rxe8
{[%clk 0:21:24]} Rxe8 {[%clk 0:18:21]} 29. Re1 {[%clk 0:21:13]} Rxe1+
{[%clk 0:17:48]} 30. Kxe1 {[%clk 0:21:35]} g5 {[%clk 0:16:00]} 31. Ng2
{[%clk 0:19:07]} Kf6 {[%clk 0:15:35]} 32. f4 {[%clk 0:15:00]} Ng6
{[%clk 0:14:22]} 33. hxg5+ {[%clk 0:14:34]} hxg5 {[%clk 0:14:46]} 34. Kf2
{[%clk 0:14:33]} 1/2-1/2

[Event "Danish Senior CHP for 50+ and 65+"]
[Site "Nyhavnsgade 14, 2. sal. 9000 Aalborg"]
[Date "2022.02.21"]
[Round "2.9"]
[White "Mikkelsen, Peter Jørgen Dam"]
[Black "Johnsen, Oystein"]
[Result "1/2-1/2"]
[BlackElo "1948"]
[WhiteElo "2148"]
[LiveChessVersion "1.4.8"]

1. c4 {[%clk 1:30:09]} c6 {[%clk 1:30:49]} 2. Nf3 {[%clk 1:30:02]} Nf6
{[%clk 1:31:11]} 3. g3 {[%clk 1:30:22]} g6 {[%clk 1:31:10]} 4. Bg2
{[%clk 1:30:37]} Bg7 {[%clk 1:31:21]} 5. Nc3 {[%clk 1:30:36]} d5 {[%clk 1:26:09]}
6. d4 {[%clk 1:30:47]} O-O {[%clk 1:24:40]} 7. O-O {[%clk 1:31:08]} a5
{[%clk 1:22:23]} 8. cxd5 {[%clk 1:25:57]} cxd5 {[%clk 1:20:03]} 9. Qb3
{[%clk 1:24:37]} e6 {[%clk 1:06:22]} 10. Bf4 {[%clk 1:19:04]} Nh5
{[%clk 0:56:39]} 11. Bg5 {[%clk 1:14:56]} Bf6 {[%clk 0:53:58]} 12. Bxf6
{[%clk 1:07:53]} Nxf6 {[%clk 0:54:08]} 13. Na4 {[%clk 1:07:45]} Ra6
{[%clk 0:49:10]} 14. Rac1 {[%clk 1:03:41]} b6 {[%clk 0:46:07]} 15. Ne5
{[%clk 0:58:38]} Bb7 {[%clk 0:41:43]} 16. Rc2 {[%clk 0:58:05]} Nfd7
{[%clk 0:39:58]} 17. Nxd7 {[%clk 0:54:56]} Nxd7 {[%clk 0:40:13]} 18. Rfc1
{[%clk 0:54:54]} Ra7 {[%clk 0:36:57]} 19. Nc3 {[%clk 0:50:57]} Ra8
{[%clk 0:30:28]} 20. Nb5 {[%clk 0:50:42]} Rc8 {[%clk 0:29:15]} 21. h4
{[%clk 0:45:40]} Rxc2 {[%clk 0:28:44]} 22. Rxc2 {[%clk 0:46:03]} h5
{[%clk 0:28:08]} 23. e3 {[%clk 0:44:47]} Ba6 {[%clk 0:23:29]} 24. Bf1
{[%clk 0:44:33]} Qb8 {[%clk 0:21:30]} 25. a4 {[%clk 0:30:48]} Rc8
{[%clk 0:20:35]} 26. Rc3 {[%clk 0:30:30]} Rxc3 {[%clk 0:18:43]} 27. Qxc3
{[%clk 0:30:20]} Bxb5 {[%clk 0:14:54]} 28. Bxb5 {[%clk 0:30:08]} Nf6
{[%clk 0:14:29]} 29. Bd3 {[%clk 0:30:15]} Qd6 {[%clk 0:13:46]} 30. Qc2
{[%clk 0:26:54]} Kg7 {[%clk 0:14:11]} 31. Kg2 {[%clk 0:26:04]} Ng4
{[%clk 0:10:38]} 32. Be2 {[%clk 0:25:13]} Nf6 {[%clk 0:11:00]} 33. f3
{[%clk 0:25:27]} Qb4 {[%clk 0:11:10]} 34. Kf2 {[%clk 0:25:03]} Qd6
{[%clk 0:10:43]} 35. Qd3 {[%clk 0:23:01]} Qb4 {[%clk 0:10:25]} 36. b3
{[%clk 0:23:06]} Ng8 {[%clk 0:04:46]} 37. e4 {[%clk 0:22:34]} dxe4
{[%clk 0:04:52]} 38. fxe4 {[%clk 0:22:56]} Ne7 {[%clk 0:04:56]} 39. Qe3
{[%clk 0:17:07]} Qd6 {[%clk 0:02:07]} 40. Bc4 {[%clk 0:14:22]} Qd8
{[%clk 0:01:50]} 41. Qd3 {[%clk 0:09:22]} Nc6 {[%clk 0:26:21]} 42. Ke3
{[%clk 0:36:36]} Nb4 {[%clk 0:26:29]} 43. Qe2 {[%clk 0:30:10]} Qd6
{[%clk 0:21:55]} 44. e5 {[%clk 0:20:33]} Qd8 {[%clk 0:21:51]} 45. Qg2
{[%clk 0:19:04]} Qd7 {[%clk 0:15:28]} 46. Qe4 {[%clk 0:18:56]} Nd5+
{[%clk 0:15:07]} 47. Kd3 {[%clk 0:17:42]} Nb4+ {[%clk 0:10:27]} 48. Kc3
{[%clk 0:17:57]} Nd5+ {[%clk 0:10:49]} 49. Kb2 {[%clk 0:16:59]} Nb4
{[%clk 0:09:51]} 50. g4 {[%clk 0:16:16]} Qc6 {[%clk 0:08:37]} 51. Qe2
{[%clk 0:13:22]} hxg4 {[%clk 0:06:59]} 52. Qxg4 {[%clk 0:11:36]} Qh1
{[%clk 0:07:18]} 53. Qg3 {[%clk 0:09:03]} 1/2-1/2